00600nam a2200205Ia 4500003000900000008004100009020001600050040001600066080001200082100002100094245008800115260004200203300001600245650001400261650004100275650001700316650001300333700002700346700002100373IN-BaIIA211028s9999 xx 000 0 eng d a13-879163-5 cIIA Library a52bMEN aMenzel, Donald H 0aSurvey of the universecDonald H. Menzel, Fred L. Whipple and Gerard De Vaucouleurs aEnglewood CliffsbPrentice-Hallc1970 axvii, 860p. aAstronomy aAstronomy and astrophysics thesaurus aAstrophysics aUniverse aDe Vaucouleurs, Gerard aWhipple, Fred L.